| 000 | 00979pam a2200289 a 4500 | ||
|---|---|---|---|
| 001 | 3235 | ||
| 005 | 20240221105151.0 | ||
| 020 | _a078073003952 | ||
| 040 |
_aDLC _cDLC _dDLC _beng |
||
| 050 | 0 | 0 |
_aQB500.C64 _b1990 |
| 082 | 0 | 0 | _a523.3 |
| 100 | 1 | _aCole, Joanna | |
| 245 | 1 | 4 |
_aThe magic school bus, lost in the solar system / _cby Cole, Joanna ; illustrated by Degen, Bruce |
| 260 |
_aNew York : _bScholastic , _c1990 |
||
| 300 |
_a40 unnumbered pages : _bcolor illustrations ; _c20 cm. |
||
| 490 | _aThe Magic School Bus | ||
| 505 | _aN | ||
| 520 | _aOn a special field trip in the magic school bus, Ms. Frizzle's class goes into outer space and visits each planet in the solar system. | ||
| 521 |
_a570
_bLexile |
||
| 521 |
_aN
_bRaz-Plus |
||
| 650 | 0 |
_aAstronomy _xJuvenile literature. |
|
| 650 | 1 | _aPlanets. | |
| 650 | 1 | _aAstronomy. | |
| 700 | 1 |
_aDegen, Bruce _eillustrator |
|
| 906 |
_a7 _bcbc _corignew _d1 _eocip _f19 _gy-gencatlg |
||
| 942 |
_2ddc _cBK _n0 |
||
| 999 |
_c3235 _d3235 |
||